| 000 | 00698nam a2200205 a 4500 | ||
|---|---|---|---|
| 001 | 000011434 | ||
| 005 | 20200929162442.0 | ||
| 008 | 091019s1997 dr ad 000 0 spa d | ||
| 040 |
_aDO-SdBNP _bspa _cBNPHU |
||
| 082 |
_a332.6324 _bR514s |
||
| 100 | 1 |
_aRichards, William _927112 |
|
| 245 | 1 | 0 |
_aSistema de bienes raíces y desarrollo / _cWilliam Richards. |
| 260 |
_aSanto Domingo : _bContacompu, _c1997. |
||
| 300 |
_a209 p. : _bil., gráfcs., tabls. ; _c23 cm. |
||
| 590 | _aInventariado, 2018/MFF | ||
| 650 | 4 |
_aDesarrollo de bienes raíces _927113 |
|
| 650 | 4 |
_aInversiones en bienes raíces _927114 |
|
| 650 | 4 |
_aNegocios en bienes raíces _927115 |
|
| 910 | _aValidado. Control de calidad EMS | ||
| 999 |
_c11136 _d11136 |
||